<?xml version="1.0" encoding="UTF-8"?><?xml-stylesheet type="text/xsl" href="static/style.xsl"?><OAI-PMH xmlns="http://www.openarchives.org/OAI/2.0/" xmlns:xsi="http://www.w3.org/2001/XMLSchema-instance" xsi:schemaLocation="http://www.openarchives.org/OAI/2.0/ http://www.openarchives.org/OAI/2.0/OAI-PMH.xsd"><responseDate>2026-04-13T15:21:51Z</responseDate><request verb="GetRecord" identifier="oai:www.recercat.cat:10230/53579" metadataPrefix="marc">https://recercat.cat/oai/request</request><GetRecord><record><header><identifier>oai:recercat.cat:10230/53579</identifier><datestamp>2025-12-21T20:46:57Z</datestamp><setSpec>com_2072_6</setSpec><setSpec>col_2072_452954</setSpec></header><metadata><record xmlns="http://www.loc.gov/MARC21/slim" xmlns:dcterms="http://purl.org/dc/terms/" xmlns:xsi="http://www.w3.org/2001/XMLSchema-instance" xmlns:doc="http://www.lyncode.com/xoai" xsi:schemaLocation="http://www.loc.gov/MARC21/slim http://www.loc.gov/standards/marcxml/schema/MARC21slim.xsd">
   <leader>00925njm 22002777a 4500</leader>
   <datafield ind2=" " ind1=" " tag="042">
      <subfield code="a">dc</subfield>
   </datafield>
   <datafield ind2=" " ind1=" " tag="720">
      <subfield code="a">Gómez Conca, Eva</subfield>
      <subfield code="e">author</subfield>
   </datafield>
   <datafield ind2=" " ind1=" " tag="260">
      <subfield code="c">2022-06-23T09:45:29Z</subfield>
   </datafield>
   <datafield ind2=" " ind1=" " tag="260">
      <subfield code="c">2022-06-23T09:45:29Z</subfield>
   </datafield>
   <datafield ind2=" " ind1=" " tag="260">
      <subfield code="c">2022</subfield>
   </datafield>
   <datafield ind2=" " ind1=" " tag="520">
      <subfield code="a">Treball de Fi de Màster en Criminologia i Execució Penal. Curs 2021-2022</subfield>
   </datafield>
   <datafield ind2=" " ind1=" " tag="520">
      <subfield code="a">Tutor: Jorge Rodríguez Menés</subfield>
   </datafield>
   <datafield ind2=" " ind1=" " tag="520">
      <subfield code="a">El presente trabajo muestra una investigación sobre como la diferencia de edad en relaciones heterosexuales sexo-afectivas puede estar vinculada a situaciones de violencia de género. Para realizar esta investigación, se parte de dos grandes teorías que podrían explicar la presencia de este fenómeno: la teoría de la inconsistencia de estatus y la teoría del intercambio. Aunque ambas teorías pretenden explicar la violencia en las parejas a través de diferentes factores, ambas apuntan en direcciones opuestas.&#xd;
Para poder demostrar la existencia del fenómeno a estudiar se realiza una regresión lineal con los datos de la macroencuesta de violencia contra las mujeres, cuyos resultados parecen avalar más la idea que muestra la teoría del intercambio.</subfield>
   </datafield>
   <datafield ind2=" " ind1=" " tag="520">
      <subfield code="a">The present work shows an investigation on how the age difference in straight sex-affective relationships can be related to situations of gender violence. To conduct this research, we start from two theories that could explain the presence of this phenomenon: the theory of status inconsistency and the theory of exchange. Although both theories claim to explain violence in couples through distinct factors, both point in opposite directions. To demonstrate the existence of the phenomenon to be studied, a linear regression is performed with the data from the macro-survey on violence against women, the results of which further support the idea that reinforce the exchange theory.</subfield>
   </datafield>
   <datafield tag="653" ind2=" " ind1=" ">
      <subfield code="a">Treball de fi de màster – Curs 2021-2022</subfield>
   </datafield>
   <datafield tag="653" ind2=" " ind1=" ">
      <subfield code="a">Violencia de género</subfield>
   </datafield>
   <datafield tag="653" ind2=" " ind1=" ">
      <subfield code="a">Diferencia de edad</subfield>
   </datafield>
   <datafield tag="653" ind2=" " ind1=" ">
      <subfield code="a">Teoría de inconsistencia de estatus</subfield>
   </datafield>
   <datafield tag="653" ind2=" " ind1=" ">
      <subfield code="a">Teoría del intercambio</subfield>
   </datafield>
   <datafield tag="653" ind2=" " ind1=" ">
      <subfield code="a">Gender violence</subfield>
   </datafield>
   <datafield tag="653" ind2=" " ind1=" ">
      <subfield code="a">Age difference</subfield>
   </datafield>
   <datafield tag="653" ind2=" " ind1=" ">
      <subfield code="a">Status inconsistency theory</subfield>
   </datafield>
   <datafield tag="653" ind2=" " ind1=" ">
      <subfield code="a">Exchange theory</subfield>
   </datafield>
   <datafield ind2="0" ind1="0" tag="245">
      <subfield code="a">La diferencia de edad en las relaciones sexo-afectivas: ¿un factor relacionado con la violencia de género?</subfield>
   </datafield>
</record></metadata></record></GetRecord></OAI-PMH>